000
00245nam a2200097Ia 4500
001
798616
005
20250826170831.0
008
250824s9999 xx 000 0 und d
245
0
_a
HAYATTA KALMA KILAVUZU
_c
BEAR GRYLLS
260
_b
PORTAKAL YAYINLARI
999
_c
798616
_d
798616